[Event "HUN-ch U14"]
[Site "Balatonlelle"]
[Date "2014.06.28"]
[Round "9"]
[White "Balogh, Akos"]
[Black "Miklos, Mate"]
[Result "0-1"]
[WhiteElo "1502"]
[BlackElo "1593"]
[PlyCount "78"]
[EventDate "2014.06.20"]
[EventType "swiss"]
[EventRounds "9"]
[EventCountry "HUN"]
[SourceTitle "EXT 2024"]
[Source "ChessBase"]
[SourceDate "2023.10.10"]
[SourceVersion "1"]
[SourceVersionDate "2023.10.10"]
[SourceQuality "1"]

1. d4 Nf6 2. c4 g6 3. Nf3 Bg7 4. Bf4 c5 5. e3 0-0 6. Nc3 d5 7. cxd5 Nxd5 8. Nxd5 Qxd5 9. b3 cxd4 10. Nxd4 Qa5+ 11. Qd2 Qxd2+ 12. Kxd2 e5 13. Bxe5 Bxe5 14. Rc1 Bxd4 15. exd4 Be6 16. Bc4 Bxc4 17. Rxc4 Rd8 18. Rd1 Na6 19. Ke2 Rac8 20. Rdc1 Rxc4 21. Rxc4 Kf8 22. Ke3 Ke7 23. a4 Kd7 24. b4 Rc8 25. Rxc8 Kxc8 26. b5 Nc7 27. Ke4 f6 28. f4 Kd7 29. g4 Kd6 30. h4 h6 31. h5 gxh5 32. gxh5 Ke6 33. f5+ Kd6 34. Ke3 Nd5+ 35. Ke4 Nc3+ 36. Kd3 Nxa4 37. Kc4 Nb6+ 38. Kc3 Nd5+ 39. Kd3 Nf4+ 0-1

[Event "HUN-ch U14"]
[Site "Balatonlelle"]
[Date "2014.06.24"]
[Round "5"]
[White "Pasztor, Daniel"]
[Black "Miklos, Mate"]
[Result "1/2-1/2"]
[WhiteElo "1594"]
[BlackElo "1593"]
[PlyCount "114"]
[EventDate "2014.06.20"]
[EventType "swiss"]
[EventRounds "9"]
[EventCountry "HUN"]
[SourceTitle "EXT 2024"]
[Source "ChessBase"]
[SourceDate "2023.10.10"]
[SourceVersion "1"]
[SourceVersionDate "2023.10.10"]
[SourceQuality "1"]

1. e4 c5 2. Nf3 Nc6 3. d4 cxd4 4. Nxd4 g6 5. c4 Nf6 6. Nc3 d6 7. Be2 Nxd4 8. Qxd4 Bg7 9. Qd1 0-0 10. 0-0 Be6 11. Be3 b6 12. f3 Rc8 13. b3 Nd7 14. Rc1 Nc5 15. Qd2 a6 16. Bh6 Rb8 17. Bxg7 Kxg7 18. Qd4+ Kg8 19. Qe3 Qe8 20. b4 Nd7 21. a3 Rc8 22. Na4 Qd8 23. Kh1 Re8 24. h4 a5 25. h5 axb4 26. axb4 Ra8 27. Nb2 Ra2 28. Nd3 Qa8 29. Kg1 Ra3 30. Kf2 Kg7 31. Rh1 Rh8 32. Qg5 f6 33. Qg3 Ne5 34. Nxe5 dxe5 35. c5 Ra2 36. Kf1 bxc5 37. bxc5 Ra1 38. Qe1 Rxc1 39. Qxc1 g5 40. h6+ Kf7 41. Bc4 Bxc4+ 42. Qxc4+ e6 43. Kf2 Qd8 44. Ke2 Qd4 45. Qb5 Rd8 46. Re1 Qd2+ 47. Kf1 Qd3+ 48. Qxd3 Rxd3 49. Rc1 Rd7 50. Ke2 Ke7 51. g4 Kd8 52. Rc3 Ke8 53. Rb3 Rc7 54. Rb6 Kd7 55. Rd6+ Ke7 56. Rb6 Kd7 57. Rd6+ Ke7 1/2-1/2

[Event "HUN-ch U14"]
[Site "Balatonlelle"]
[Date "2014.06.21"]
[Round "2"]
[White "Miklos, Mate"]
[Black "Piri, Tamas"]
[Result "0-1"]
[WhiteElo "1593"]
[BlackElo "1369"]
[PlyCount "58"]
[EventDate "2014.06.20"]
[EventType "swiss"]
[EventRounds "9"]
[EventCountry "HUN"]
[SourceTitle "EXT 2024"]
[Source "ChessBase"]
[SourceDate "2023.10.10"]
[SourceVersion "1"]
[SourceVersionDate "2023.10.10"]
[SourceQuality "1"]

1. e4 e5 2. Nc3 Nc6 3. Bc4 Nf6 4. d3 d6 5. Nge2 Be7 6. f4 Be6 7. Bb3 0-0 8. f5 Bxb3 9. axb3 Ng4 10. Ng3 Nf6 11. 0-0 Nb4 12. Kh1 d5 13. Bg5 dxe4 14. Bxf6 Bxf6 15. Ncxe4 Nd5 16. Nxf6+ Nxf6 17. Nh5 Nxh5 18. Qxh5 Qf6 19. Rf3 Rfd8 20. g4 h6 21. Rg1 g5 22. h4 Kg7 23. hxg5 hxg5 24. Qh2 Rh8 25. Rg2 Rxh2+ 26. Rxh2 Rh8 27. Rxh8 Kxh8 28. Rh3+ Kg7 29. Rh5 Qd6 0-1

[Event "HUN-chT U18"]
[Site "Budapest"]
[Date "2012.10.28"]
[Round "1.15"]
[White "Korpa, Bence"]
[Black "Miklos, Mate"]
[Result "1-0"]
[WhiteElo "2344"]
[BlackElo "1615"]
[PlyCount "55"]
[EventDate "2012.10.28"]
[EventType "team-swiss"]
[EventRounds "8"]
[EventCountry "HUN"]
[SourceTitle "EXT 2020"]
[Source "ChessBase"]
[SourceDate "2019.10.17"]
[SourceVersion "1"]
[SourceVersionDate "2019.10.17"]
[SourceQuality "1"]

1. e4 c5 2. Nf3 Nc6 3. c3 d6 4. d4 cxd4 5. cxd4 g6 6. Nc3 Bg7 7. h3 Nf6 8. Bd3 0-0 9. 0-0 Bd7 10. Be3 Nb4 11. Bb1 Qc8 12. a3 Nc6 13. Bd3 Nh5 14. Kh2 Bxh3 15. gxh3 Nxd4 16. Nxd4 Bxd4 17. Bxd4 Nf4 18. Qf3 e5 19. Be3 Nxd3 20. Bh6 Nc5 21. Bxf8 Kxf8 22. Qf6 Kg8 23. Qxd6 Nb3 24. Rad1 Nd4 25. Kg2 Nc6 26. Nd5 f5 27. Rc1 f4 28. Ne7+ 1-0